书目信息 |
| 题名: |
茶·健康
|
|
| 作者: | 周智修 编著 | |
| 分册: | ||
| 出版信息: | 北京 人民卫生出版社 2006 |
|
| 页数: | 11,280页 | |
| 开本: | 21cm | |
| 丛书名: | 时尚生活与健康系列 | |
| 单 册: | ||
| 中图分类: | TS272.5 | |
| 科图分类: | ||
| 主题词: | 茶--关系--健康 , 茶 , 健康 , 饮料--食品工业 , 冷冻食品--食品工业 | |
| 电子资源: | ||
| ISBN: | 7-117-07251-2 | |
| 000 | 01052oam2 2200301 450 | |
| 001 | 010010013983 | |
| 005 | 20061030095550.31 | |
| 010 | @a7-117-07251-2@dCNY19.80 | |
| 100 | @a20060213d2006 em y0chiy0110 ea | |
| 101 | 0 | @achi |
| 102 | @aCN@b110000 | |
| 105 | @af z 000yy | |
| 200 | 1 | @a茶·健康@9cha· jian kang@f周智修编著 |
| 210 | @a北京@c人民卫生出版社@d2006 | |
| 215 | @a11,280页@c图版(8页)@d21cm | |
| 225 | 2 | @a时尚生活与健康系列 |
| 330 | @a本书从茶的主要功能性成分、保健功效和疗效着手,阐述了茶与人体健康的关系。针对现代人的生活方式和饮食习惯,介绍了具美容瘦身作用的时尚保健茶饮,可调节心情的怡情茶饮,具抗病治病功能的时尚抗病茶饮等,详细介绍了其制作方法、饮用方法和功效。 | |
| 461 | 0 | @12001 @a时尚生活与健康系列@1701 0@a张七一@4总主编 |
| 510 | 1 | @aTea·Health@zeng |
| 606 | 0 | @a茶@x关系@x健康 |
| 606 | 0 | @a茶 |
| 606 | 0 | @a健康 |
| 606 | 0 | @a饮料@x食品工业 |
| 606 | 0 | @a冷冻食品@x食品工业 |
| 690 | @aTS272.5@v3 | |
| 701 | 0 | @a周智修@9zhou zhi xiu@4编著 |
| 801 | 0 | @aCN@bRENTIAN@c20061030 |
| 905 | @a10447@dTS272.5@e46 | |
| 茶·健康/周智修编著.-北京:人民卫生出版社,2006 |
| 11,280页:图版(8页);21cm.-(时尚生活与健康系列) |
| ISBN 7-117-07251-2:CNY19.80 |
| 本书从茶的主要功能性成分、保健功效和疗效着手,阐述了茶与人体健康的关系。针对现代人的生活方式和饮食习惯,介绍了具美容瘦身作用的时尚保健茶饮,可调节心情的怡情茶饮,具抗病治病功能的时尚抗病茶饮等,详细介绍了其制作方法、饮用方法和功效。 |
| ● |
| 相关链接 |
|
|
|
|
正题名:茶·健康
索取号:TS272.5/46
 
预约/预借
| 序号 | 登录号 | 条形码 | 馆藏地/架位号 | 状态 | 备注 |
| 1 | 0388058 | 203880586 | 第二样本阅览室/ [索取号:TS272.5/46] | 在馆 | |
| 2 | 0388059 | 203880595 | 第三借阅区/ [索取号:TS272.5/46] | 在馆 | |
| 3 | 0388060 | 203880602 | 第三借阅区/ [索取号:TS272.5/46] | 在馆 | |
| 4 | 0388061 | 203880611 | 第三借阅区/ [索取号:TS272.5/46] | 在馆 | |
| 5 | 0388062 | 203880620 | 第三借阅区/ [索取号:TS272.5/46] | 在馆 |